Liverpool FC Squad 2016-2017 - Statistics

General Stats
  • This quiz has been taken 61 times
  • The average score is 21 of 30
Answer Stats
# Position Nation Player % Correct
14 MF England Jordan Henderson
100%
1 GK Germany Loris Karius
97%
- Coach Germany Jürgen Klopp
95%
19 FW Senegal Sadio Mané
95%
6 DF Croatia Dejan Lovren
92%
23 MF Germany Emre Can
92%
11 FW Brazil Roberto Firmino
92%
5 MF Netherlands Georginio Wijnaldum
89%
7 MF England James Milner
89%
10 MF Brazil Philippe Coutinho
89%
22 GK Belgium Simon Mignolet
89%
12 DF England Joe Gomez
87%
32 DF Cameroon Joel Matip
87%
27 FW Belgium Divock Origi
84%
21 MF Brazil Lucas Leiva
84%
15 FW England Daniel Sturridge
82%
2 DF England Nathaniel Clyne
82%
20 MF England Adam Lallana
79%
18 DF Spain Alberto Moreno
79%
66 DF England Trent Alexander-Arnold
76%
3 DF France Mamadou Sakho
68%
17 DF Estonia Ragnar Klavan
63%
28 FW England Danny Ings
61%
16 MF Serbia Marko Grujić
50%
58 FW Wales Ben Woodburn
42%
13 GK Austria Alexander Manninger
24%
54 FW England Sheyi Ojo
21%
34 GK Hungary Ádám Bogdán
18%
35 MF Jamaica Kevin Stewart
8%
56 DF England Connor Randall
5%
No matching quizzes found
Score Distribution
Percent of People with Each Score
Percentile by Number Answered
Your Score History
You have not taken this quiz